• 首页
  • 本馆介绍
  • 公告通知
  • 最新文献
  • 馆藏检索
  • 电子资源
  • 读者导购
  • 参考咨询
  • 我的图书馆
  • 登录
  • 详细信息显示
  • 放入我的书架
  • 预约/预借图书
  • 作者相关作品
  • 分类相关作品
  • 丛书相关作品
  • 出版社相关作品

书目信息

  • 表格格式
  • 工作单格式
  • 卡片格式
题名:
空中杀手
    
 
作者: 劳里尔 著 ;王颂 译
分册:  
出版信息: 北京   机械工业出版社  2021
页数: 185页
开本: 21×26cm
丛书名:
单 册:
中图分类: E926.31
科图分类:
主题词: 第二次世界大战--歼击机--介绍--世界
电子资源:
ISBN: 978-7-111-66745-2
000 00980nam0 2200241 450
001 2168146770
005 20211117185552.55
010    @a978-7-111-66745-2@b精装@dCNY98.00
100    @a20210425d2021 em y0chiy50 ea
101 1  @achi@ceng
102    @aCN@b110000
105    @aa z 000yy
200 1  @a空中杀手@9kong zhong sha shou@e二战中的十大经典战斗机@f(美)吉姆·劳里尔(Jim Laurier)著@g王颂译
210    @a北京@c机械工业出版社@d2021
215    @a185页@c彩图,彩照@d21×26cm
330    @a本书盘点了第二次世界大战期间十款经典战斗机。其中详细介绍了这十种战斗机的研制原因和过程、技术参数、经典战斗故事。通过详实的文字和精美的图片仿佛带我们回到了几十年前那个令人血脉债张的空战战场。
510 1  @aFighter!@eten killer planes of world war II@zeng
606 0  @a第二次世界大战@x歼击机@x介绍@y世界
690    @aE926.31@v5
701  0 @c(美)@a劳里尔@9lao li er@c(Laurier, Jim)@4著
702  0 @a王颂@9wang song@4译
801  0 @aCN@b山东中教@c20211112
905    @aZUCC@dE926.31@e4
    
    空中杀手:二战中的十大经典战斗机/(美)吉姆·劳里尔(Jim Laurier)著/王颂译.-北京:机械工业出版社,2021
    185页:彩图,彩照;21×26cm
    
    
    ISBN 978-7-111-66745-2(精装):CNY98.00
    本书盘点了第二次世界大战期间十款经典战斗机。其中详细介绍了这十种战斗机的研制原因和过程、技术参数、经典战斗故事。通过详实的文字和精美的图片仿佛带我们回到了几十年前那个令人血脉债张的空战战场。
●
相关链接 在五车中查询图书 在当当中查询图书 在豆瓣中查询图书


正题名:空中杀手     索取号:E926.31/4         预约/预借

序号 登录号 条形码 馆藏地/架位号 状态 备注
1 2000890991   2000890991   第三书库/ [索取号:E926.31/4] 在馆    
2 2000890992   2000890992   第三书库/ [索取号:E926.31/4] 在馆    
3 2000890993   2000890993   第三书库/ [索取号:E926.31/4] 在馆    
山东省滨州职业学院图书馆 欢迎您!
大连网信软件有限公司© 版权所有